000 00919cam a2200289 i 4500
999 _c200444371
_d62583
003 TR-AnTOB
005 20230607142745.0
007 ta
008 010319s1973 tu 00000 tur
040 _aTR-AnTOB
_beng
_erda
_cTR-AnTOB
041 0 _atur
050 4 _aHD9715.T9
_bO33 1973
090 _aHD9715.T9
_bO33 1973
100 1 _aOkan, Aktan
_eauthor
_9132517
245 1 0 _aBina gereci, insangücü ve makina gücü girdileri enformasyonu /
_cAktan Okan.
264 1 _aAnkara :
_bTBTAK Yapı Araştırma Enstitüsü,
_c1973.
300 _a44 pages :
_btables ;
_c28 cm
336 _atext
_btxt
_2rdacontent
337 _aunmediated
_bn
_2rdamedia
338 _avolume
_bnc
_2rdacarrier
490 0 _aYAE ;
_vYayın ; 15
650 0 _aYapı endüstrisi
_zTürkiye
_916043
650 7 _aYapı malzemeleri
_zTürkiye
_2etuturkob
_9132455
942 _2lcc
_cBK